000
00277nam a22001217a 4500
008
180216b xxu||||| |||| 00| 0 eng d
041
_a
eng
080
_a
575
100
_a
9
101
_a
IMU
245
_a
Imunology of the gastrointestinal tract
_c
Asquith,P
942
_2
udc
_c
BK
999
_c
42734
_d
42734